000 00620nam a22001937a 4500
999 _c17536
_d17536
008 190307b xxu||||| |||| 00| 0 eng d
020 _a9814577052
040 _aKABU
_cKABU
050 _aHG2040.5
_b.B78 2016 c. 1
100 _aBrueggeman, William B.
245 _aReal estate finance and investments
_cWilliam B. Brueggeman, Jeffrey D. Fisher
250 _a15th ed.
260 _aNew York
_bMcGraw-Hill
_c2016
300 _axviii, 807 p.
650 _aMortgage loans
_zUnited States
650 _aReal Property
_xFinance
_zUnited States
700 _aFisher, Jeffrey D.
942 _2lcc
_cBK
_e15th
_hHG2040.5